Z histórie vodného diela Žilina

Pohľad do dávnej histórie. Povodne počas výstavby VD Žilina. Investičné aktivity uskutočnené po uvedení VD Žilina do prevádzky.

Salvato in:
Dettagli Bibliografici
Autore principale: Pastorek, Jaromír
Natura: Capitolo di libro
Lingua:slovacco
Soggetti:
Tags: Aggiungi Tag
Nessun Tag, puoi essere il primo ad aggiungerne!!

MARC

LEADER 00000naa a2200000 4500
001 0174396
005 20231208124147.6
041 0 |a slo 
044 |a SK 
245 1 0 |a Z histórie vodného diela Žilina  |c Jaromír Pastorek 
520 |a Pohľad do dávnej histórie. Povodne počas výstavby VD Žilina. Investičné aktivity uskutočnené po uvedení VD Žilina do prevádzky. 
610 2 0 |a diela vodné 
610 2 0 |a povodne 
610 2 0 |a ochrana prostredia životného 
610 2 0 |a stavby vodné 
100 1 |a Pastorek, Jaromír